• 首页
  • 本馆介绍
  • 公告通知
  • 最新文献
  • 馆藏检索
  • 电子资源
  • 读者导购
  • 参考咨询
  • 我的图书馆
  • 登录
  • 详细信息显示
  • 放入我的书架
  • 预约/预借图书
  • 作者相关作品
  • 分类相关作品
  • 丛书相关作品
  • 出版社相关作品

书目信息

  • 表格格式
  • 工作单格式
  • 卡片格式
题名:
不抱怨的世界
    
 
作者: 鲍恩 著 ;陈敬旻 , 李磊 译
分册:  
出版信息: 长沙   湖南文艺出版社  2019重印
页数: 193页
开本: 22cm
丛书名:
单 册:
中图分类: B821-49 , B825-49
科图分类:
主题词: 人生哲学--ren sheng zhe xue--通俗读物 , 个人修养--ge ren xiu yang--通俗读物
电子资源:
ISBN: 978-7-5404-8871-0
000 01171nam0 2200325 45
001 012001003335
005 20191121171549.26
010    @a978-7-5404-8871-0@dCNY39.80
099    @aCAL 012019038110
100    @a20190331d2018 em y0chiy50 ea
101 1  @achi@ceng
102    @aCN@b430000
105    @aak z 000yy
106    @ar
200 1  @a不抱怨的世界@Abu bao yuan de shi jie@f(美) 威尔·鲍温著@d= A complaint free world@fWill Bowen@g陈敬旻, 李磊译@zeng
205    @a修订版
210    @a长沙@c湖南文艺出版社@d2019重印
215    @a193页@c图@d22cm@e《不抱怨21天实践手册》1册 (47页)
306    @a本书中译本由时报文化出版企业股份有限公司授权
314    @a责任者Bowen规范汉译姓:鲍恩
500 10 @aComplaint free world : how to stop complaining and start enjoying the life you always wanted@mChinese
606 0  @a人生哲学@Aren sheng zhe xue@j通俗读物
606 0  @a个人修养@Age ren xiu yang@j通俗读物
690    @aB821-49@v5
690    @aB825-49@v5
701  1 @a鲍恩@Abao en@g(Bowen, Will)@4著
702  0 @a陈敬旻@Achen jing min@4译
702  0 @a李磊@Ali lei@4译
801  0 @aCN@b江苏凤凰@c20191020
905    @b1235799-804@dB821-49@e1521=2@f6
    
    不抱怨的世界/(美) 威尔·鲍温著= A complaint free world/Will Bowen/陈敬旻, 李磊译.-修订版.-长沙:湖南文艺出版社,2019重印
    193页:图;22cm+《不抱怨21天实践手册》1册 (47页)
    
    
    ISBN 978-7-5404-8871-0:CNY39.80
    
●
相关链接 在E读中查询图书 在五车中查询图书 在当当中查询图书 在豆瓣中查询图书


正题名:不抱怨的世界     索取号:B821-49/1521=2         预约/预借

序号 登录号 条形码 馆藏地/架位号 状态 备注
1 1235799   212357992   第一样本阅览室/ [索取号:B821-49/1521=2] 在馆    
2 1235800   212358009   教育系资料室/ [索取号:B821-49/1521=2] 在馆    
3 1235801   212358018   教育系资料室/ [索取号:B821-49/1521=2] 在馆    
4 1235802   212358027   教育系资料室/ [索取号:B821-49/1521=2] 在馆    
5 1235803   212358036   第一借阅区/ [索取号:B821-49/1521=2] 在馆    
6 1235804   212358045   第一借阅区/ [索取号:B821-49/1521=2] 在馆    
唐山师范学院图书馆 欢迎您!
大连网信软件有限公司© 版权所有